Largest Political Parties - Statistics

General Stats
  • This quiz has been taken 48 times
  • The average score is 5 of 10
Answer Stats
Rank Country Party % Correct
3 Democratic Party
95%
4 Republican Party
95%
2 Communist Party of China
93%
1 Bharatiya Janata Party
57%
5 Indian National Congress
48%
8 Justice and Development Party
36%
7 Pakistan Tehreek-e-Insaf
16%
9 United Socialist Party of Venezuela
11%
10 Barisan Nasional
9%
6 Dravida Munnetra Kazhagam
7%
No matching quizzes found
Score Distribution
Percent of People with Each Score
Percentile by Number Answered
Your Score History
You have not taken this quiz